Základy dogmatiky

Bibliographic Details
Main Author: Klátik, Miloš, 1963- (Author)
Format: Book
Language:Slovak
PhysicalDescription:130 strán 24 cm
Published: Bratislava Univerzita Komenského 2004
ISBN:8022319325
Edition:1 .vyd.
Subjects:

MARC

LEADER 00000cam a2200000 a 4500
001 vtls001493606
003 SK-MaSNL
005 20260302073816.0
008 220107s2004 xo f np 000 0 slo
015 |a SNBA2005/04-01468 
020 |a 8022319325  |q (brožované) 
035 |a urn:nbn:sk:snk-am00g6aj 
035 |a urn:nbn:sk:snk-am3iyfr 
035 |a 8D40E0F0-CD0A-4CCE-A8F9-DE46F1DF981F 
040 |a SNK  |b slo  |c SNK  |e AACR2 
041 0 |a slo 
044 |a xo  |c SK 
072 7 |a 27-1/-2  |x Kresťanská teológia. Dogmatická teológia  |2 konspekt 
080 |a (075.8)  |2 1997 
080 |a 27-284  |2 1997 
100 1 |a Klátik, Miloš,  |d 1963-  |4 aut  |9 106618 
245 1 0 |a Základy dogmatiky  |c Miloš Klátik 
250 |a 1 .vyd. 
260 |a Bratislava  |b Univerzita Komenského  |c 2004 
300 |a 130 strán  |c 24 cm 
366 |e 100 kusov 
504 |a Bibliografia na s. 130 
650 0 7 |a kresťanská dogmatika  |2 SNKPH  |9 1988 
655 7 |a učebnice vysokých škôl  |2 SNKPH  |9 70191 
919 |a 80-223-1932-5 
958 |a OND 
968 |d 2 
999 |c 1162500  |d 1164430 
952 |a SNK  |b SNK  |y PREZ  |7 0  |p 17A0458036  |o snkSC 118914  |i snk2005/2221  |8 0  |0 0  |1 0  |4 0  |d 2005-02-14  |f 1  |l 0  |r 2025-05-28 00:00:00  |w 2026-02-24 
952 |a SNK  |b SNK  |y VYP  |7 0  |p 17A0458037  |o snkSC 118914 D1  |i snk2005/2223  |8 0  |0 0  |1 0  |4 0  |d 2005-02-14  |l 0  |r 2026-02-24 20:38:11  |w 2026-02-24